Normal view
MARC view
- GENERAL MATHEMATICS. , MATHEMATICS
Entry Topical Term
001 - CONTROL NUMBER
- control field: 64035
003 - CONTROL NUMBER IDENTIFIER
- control field: NUST
005 - DATE AND TIME OF LATEST TRANSACTION
- control field: 20210628203220.0
008 - FIXED-LENGTH DATA ELEMENTS
- fixed length control field: 210628|| aca||aabn | a|a d
040 ## - CATALOGING SOURCE
- Original cataloging agency: NUST
- Transcribing agency: NUST
150 ## - HEADING--TOPICAL TERM
- Topical term or geographic name entry element: GENERAL MATHEMATICS. , MATHEMATICS
670 ## - SOURCE DATA FOUND
- Source citation: Work cat.: (NUST): Dickman, Greg 64034, General mathematics for foundation studies for swinburne university, 2008
